<?xml version="1.0" encoding="UTF-8"?>
<record
    xmlns:xsi="http://www.w3.org/2001/XMLSchema-instance"
    xsi:schemaLocation="http://www.loc.gov/MARC21/slim http://www.loc.gov/standards/marcxml/schema/MARC21slim.xsd"
    xmlns="http://www.loc.gov/MARC21/slim">

  <leader>01898nam a22003137a 4500</leader>
  <controlfield tag="003">OSt</controlfield>
  <controlfield tag="005">20260515093740.0</controlfield>
  <controlfield tag="008">260515b        |||||||| |||| 00| 0 aze d</controlfield>
  <datafield tag="020" ind1=" " ind2=" ">
    <subfield code="a">9789952843040</subfield>
  </datafield>
  <datafield tag="040" ind1=" " ind2=" ">
    <subfield code="a">AZ-XaKU</subfield>
    <subfield code="b">rus</subfield>
    <subfield code="c">AZ-XaKU</subfield>
  </datafield>
  <datafield tag="041" ind1="0" ind2=" ">
    <subfield code="a">rus</subfield>
  </datafield>
  <datafield tag="050" ind1="1" ind2="4">
    <subfield code="a">ML80 .G155 .B14 2021</subfield>
  </datafield>
  <datafield tag="100" ind1="1" ind2=" ">
    <subfield code="a">&#x411;&#x430;&#x434;&#x430;&#x43B;&#x431;&#x435;&#x439;&#x43B;&#x438;, &#x410;&#x444;&#x440;&#x430;&#x441;&#x438;&#x44F;&#x431;,</subfield>
    <subfield code="e">&#x430;&#x432;&#x442;&#x43E;&#x440;.</subfield>
  </datafield>
  <datafield tag="245" ind1="1" ind2="0">
    <subfield code="a">&#x41D;&#x438;&#x437;&#x430;&#x43C;&#x438; &#x43E; &#x43C;&#x443;&#x437;&#x44B;&#x43A;&#x435; &#x438; &#x432; &#x43C;&#x443;&#x437;&#x44B;&#x43A;&#x435;</subfield>
    <subfield code="b">: &#x43D;&#x435;&#x43E;&#x43F;&#x443;&#x431;&#x43B;&#x438;&#x43A;&#x43E;&#x432;&#x430;&#x43D;&#x43D;&#x430;&#x44F; &#x441;&#x442;&#x430;&#x442;&#x44C;&#x44F;</subfield>
    <subfield code="c">/ &#x410;&#x444;&#x440;&#x430;&#x441;&#x438;&#x44F;&#x431; &#x411;&#x430;&#x434;&#x430;&#x43B;&#x431;&#x435;&#x439;&#x43B;&#x438; ; &#x440;&#x435;&#x434;&#x430;&#x43A;&#x442;&#x43E;&#x440;&#x44B;: &#x41B;.&#x428;.&#x413;&#x443;&#x441;&#x435;&#x439;&#x43D;&#x43E;&#x432;&#x430;, &#x421;.&#x424;.&#x41A;&#x443;&#x440;&#x431;&#x430;&#x43D;&#x430;&#x43B;&#x438;&#x435;&#x432;&#x430;.</subfield>
  </datafield>
  <datafield tag="264" ind1=" " ind2=" ">
    <subfield code="a">&#x411;&#x430;&#x43A;&#x443;:</subfield>
    <subfield code="b">&#x415;&#x43B;&#x43C; &#x438; &#x442;&#x430;&#x445;&#x441;&#x438;&#x43B;,</subfield>
    <subfield code="c">2021.</subfield>
  </datafield>
  <datafield tag="300" ind1=" " ind2=" ">
    <subfield code="a">36 &#x441;. ;</subfield>
    <subfield code="b">20 &#x441;&#x43C;.</subfield>
  </datafield>
  <datafield tag="336" ind1=" " ind2=" ">
    <subfield code="a">text</subfield>
    <subfield code="b">txt</subfield>
    <subfield code="2">rdacontent</subfield>
  </datafield>
  <datafield tag="337" ind1=" " ind2=" ">
    <subfield code="a">unmediated</subfield>
    <subfield code="b">n</subfield>
    <subfield code="2">rdamedia</subfield>
  </datafield>
  <datafield tag="338" ind1=" " ind2=" ">
    <subfield code="a">volume </subfield>
    <subfield code="b">nc</subfield>
    <subfield code="2">rdacarrier</subfield>
  </datafield>
  <datafield tag="520" ind1=" " ind2=" ">
    <subfield code="a">&#x41D;&#x430;&#x443;&#x447;&#x43D;&#x430;&#x44F; &#x440;&#x430;&#x431;&#x43E;&#x442;&#x430; &#x410;&#x444;&#x440;&#x430;&#x441;&#x438;&#x44F;&#x431; &#x411;&#x430;&#x434;&#x430;&#x43B;&#x431;&#x435;&#x439;&#x43B;&#x438;, &#x43F;&#x43E;&#x441;&#x432;&#x44F;&#x449;&#x435;&#x43D;&#x43D;&#x430;&#x44F; &#x438;&#x441;&#x441;&#x43B;&#x435;&#x434;&#x43E;&#x432;&#x430;&#x43D;&#x438;&#x44E; &#x43C;&#x443;&#x437;&#x44B;&#x43A;&#x430;&#x43B;&#x44C;&#x43D;&#x43E;&#x433;&#x43E; &#x43D;&#x430;&#x441;&#x43B;&#x435;&#x434;&#x438;&#x44F; &#x41D;&#x438;&#x437;&#x430;&#x43C;&#x438; &#x413;&#x44F;&#x43D;&#x434;&#x436;&#x435;&#x432;&#x438;. &#x412; &#x440;&#x430;&#x431;&#x43E;&#x442;&#x435;, &#x438;&#x437;&#x434;&#x430;&#x43D;&#x43D;&#x43E;&#x439; &#x43D;&#x430; &#x43E;&#x441;&#x43D;&#x43E;&#x432;&#x435; &#x440;&#x443;&#x43A;&#x43E;&#x43F;&#x438;&#x441;&#x438; 1947 &#x433;&#x43E;&#x434;&#x430;, &#x440;&#x430;&#x441;&#x441;&#x43C;&#x430;&#x442;&#x440;&#x438;&#x432;&#x430;&#x44E;&#x442;&#x441;&#x44F; &#x43C;&#x443;&#x437;&#x44B;&#x43A;&#x430;&#x43B;&#x44C;&#x43D;&#x44B;&#x435; &#x438;&#x43D;&#x441;&#x442;&#x440;&#x443;&#x43C;&#x435;&#x43D;&#x442;&#x44B; &#x438; &#x442;&#x435;&#x440;&#x43C;&#x438;&#x43D;&#x43E;&#x43B;&#x43E;&#x433;&#x438;&#x44F; &#x432; &#x43F;&#x43E;&#x44D;&#x43C;&#x430;&#x445; &#xAB;&#x425;&#x430;&#x43C;&#x441;&#x435;&#xBB;, &#x430; &#x442;&#x430;&#x43A;&#x436;&#x435; &#x438;&#x43D;&#x442;&#x435;&#x440;&#x43F;&#x440;&#x435;&#x442;&#x430;&#x446;&#x438;&#x44F; &#x43E;&#x431;&#x440;&#x430;&#x437;&#x43E;&#x432; &#x43F;&#x43E;&#x44D;&#x442;&#x430; &#x432; &#x410;&#x437;&#x435;&#x440;&#x431;&#x430;&#x439;&#x434;&#x436;&#x430;&#x43D;&#x441;&#x43A;&#x43E;&#x439; &#x43A;&#x43B;&#x430;&#x441;&#x441;&#x438;&#x447;&#x435;&#x441;&#x43A;&#x43E;&#x439; &#x43C;&#x443;&#x437;&#x44B;&#x43A;&#x435;.</subfield>
  </datafield>
  <datafield tag="521" ind1=" " ind2=" ">
    <subfield code="a">&#x414;&#x43B;&#x44F; &#x441;&#x43F;&#x435;&#x446;&#x438;&#x430;&#x43B;&#x438;&#x441;&#x442;&#x43E;&#x432; &#x432; &#x43E;&#x431;&#x43B;&#x430;&#x441;&#x442;&#x438; &#x43C;&#x443;&#x437;&#x44B;&#x43A;&#x43E;&#x432;&#x435;&#x434;&#x435;&#x43D;&#x438;&#x44F; &#x438; &#x438;&#x441;&#x442;&#x43E;&#x440;&#x438;&#x438; &#x43C;&#x443;&#x437;&#x44B;&#x43A;&#x438;.</subfield>
  </datafield>
  <datafield tag="600" ind1=" " ind2=" ">
    <subfield code="2">AZ-XaKU </subfield>
    <subfield code="a">&#x413;&#x44F;&#x43D;&#x434;&#x436;&#x435;&#x432;&#x438;, &#x41D;&#x438;&#x437;&#x430;&#x43C;&#x438;,  </subfield>
    <subfield code="d">1141 - 1209.</subfield>
  </datafield>
  <datafield tag="650" ind1=" " ind2="7">
    <subfield code="2">AZ-XaKU</subfield>
    <subfield code="a">&#x41C;&#x443;&#x437;&#x44B;&#x43A;&#x43E;&#x432;&#x435;&#x434;&#x435;&#x43D;&#x438;&#x435; </subfield>
    <subfield code="x">&#x418;&#x441;&#x442;&#x43E;&#x440;&#x438;&#x44F;</subfield>
    <subfield code="z">&#x410;&#x437;&#x435;&#x440;&#x431;&#x430;&#x439;&#x434;&#x436;&#x430;&#x43D;.</subfield>
  </datafield>
  <datafield tag="655" ind1=" " ind2=" ">
    <subfield code="2">AZ-XaKU</subfield>
    <subfield code="a">&#x41D;&#x430;&#x443;&#x447;&#x43D;&#x43E;&#x435; &#x438;&#x437;&#x434;&#x430;&#x43D;&#x438;&#x435;.</subfield>
  </datafield>
  <datafield tag="700" ind1="1" ind2=" ">
    <subfield code="a">&#x413;&#x443;&#x441;&#x435;&#x439;&#x43D;&#x43E;&#x432;&#x430;, &#x41B;.&#x428;., </subfield>
    <subfield code="e">&#x440;&#x435;&#x434;&#x430;&#x43A;&#x442;&#x43E;&#x440;.</subfield>
  </datafield>
  <datafield tag="700" ind1="1" ind2=" ">
    <subfield code="a">&#x41A;&#x443;&#x440;&#x431;&#x430;&#x43D;&#x430;&#x43B;&#x438;&#x435;&#x432;&#x430;, &#x421;.&#x424;.,</subfield>
    <subfield code="e">&#x440;&#x435;&#x434;&#x430;&#x43A;&#x442;&#x43E;&#x440;.</subfield>
  </datafield>
  <datafield tag="942" ind1=" " ind2=" ">
    <subfield code="c">BOOK</subfield>
  </datafield>
  <datafield tag="999" ind1=" " ind2=" ">
    <subfield code="c">485</subfield>
    <subfield code="d">485</subfield>
  </datafield>
  <datafield tag="952" ind1=" " ind2=" ">
    <subfield code="0">0</subfield>
    <subfield code="1">0</subfield>
    <subfield code="2">lcc</subfield>
    <subfield code="4">0</subfield>
    <subfield code="7">0</subfield>
    <subfield code="8">FA</subfield>
    <subfield code="a">KU</subfield>
    <subfield code="b">KUA</subfield>
    <subfield code="d">2026-05-15</subfield>
    <subfield code="l">0</subfield>
    <subfield code="o">ML80 .G155 .B14 2021</subfield>
    <subfield code="p">0000001218</subfield>
    <subfield code="r">2026-05-15 08:03:00</subfield>
    <subfield code="t">1</subfield>
    <subfield code="w">2026-05-15</subfield>
    <subfield code="y">BOOK</subfield>
  </datafield>
  <datafield tag="952" ind1=" " ind2=" ">
    <subfield code="0">0</subfield>
    <subfield code="1">0</subfield>
    <subfield code="2">lcc</subfield>
    <subfield code="4">0</subfield>
    <subfield code="7">0</subfield>
    <subfield code="8">FA</subfield>
    <subfield code="a">KU</subfield>
    <subfield code="b">KUA</subfield>
    <subfield code="d">2026-05-15</subfield>
    <subfield code="l">0</subfield>
    <subfield code="o">ML80 .G155 .B14 2021 &#x441;.2</subfield>
    <subfield code="p">0000001222</subfield>
    <subfield code="r">2026-05-15 08:03:00</subfield>
    <subfield code="t">2</subfield>
    <subfield code="w">2026-05-15</subfield>
    <subfield code="y">BOOK</subfield>
  </datafield>
</record>
